Missing Word: A-Z Movies II Quiz Stats

Quiz Updated Sep 26, 2016

Challenge
Share
Tweet
Embed
Score 0/26 Timer 03:00
1 Play Today
Movie Missing Word A-Z % Correct
Saving ____ RyanPrivate
95.8%
I ___ What You Did Last SummerKnow
94.9%
The ___ LagoonBlue
93.3%
The ___ of Notre DameHunchback
92.2%
___ in 60 SecondsGone
90.4%
___ FamousAlmost
86.7%
North by ___Northwest
80%
New ___Moon
67.8%
___ DutyJury
64.9%
___ Las VegasLeaving
64.2%
___ the Cherry MoonUnder
59.6%
___ DogsReservoir
57%
The ___ of Dr. MoreauIsland
51.2%
Movie Missing Word A-Z % Correct
Something ___ This Way ComesWicked
46%
The ___ of the Sierra MadreTreasure
45.5%
Next ___Friday
42.9%
Lorenzo's ___Oil
42.9%
___ OneYear
41.8%
___: State of the UnionxXx
37.8%
Army of ___Darkness
36.2%
___ Down UnderQuigley
30.5%
Ice Station ___Zebra
29%
Get ___Carter
26.9%
___ the TigerSave
26.5%
The ___ Who Went up a Hill but Came Down a MountainEnglishman
23.8%
Shirley ___Valentine
18.2%

Today's Daily Dose

Missing Word
Law Misconceptions

Word Ladder
Easy Math

On This Day
January 20th

You're not logged in!

Compare scores with friends on all Sporcle quizzes.
Sign Up with Email
OR
Log In

You Might Also Like...

Show Comments

Extras

Top Quizzes Today


Score Distribution

Your Account Isn't Verified!

In order to create a playlist on Sporcle, you need to verify the email address you used during registration. Go to your Sporcle Settings to finish the process.